MARC

LEADER 00000cam a2200000 7i4500
001 0000002139
005 20021127.0
020 0 0 |a 9839997750 
090 0 0 |a 639.90959   |b BIO 1997 
245 0 0 |a BIODIVERSITY conservation and management in ASEAN   |c Haron Abu Hassan ... (et al) 
260 0 0 |a Kuala Lumpur :   |b ASEAN Institute of Forest Management ,   |c 1997 
300 |a vii, 112 p. :   |b ill. ;   |c 25 cm. 
650 0 0 |a Biological diversity conservation   |z Asia, Southeastern 
650 0 0 |a Forest management   |z Asia, Southeastern 
650 0 0 |a Forests and forestry   |z Asia, Southeastern 
650 0 0 |a Species diversity   |z Asia, Southeastern 
650 0 0 |a Sustainable forestry   |z Asia, Southeastern 
700 0 1 |a Haron Abu Hassan 
710 1 1 |a ASEAN Institute of Forest Management (AIFM) 
998 |a JPSM 
999 |a 0000003538   |b Monograph   |c Open Shelf   |e Default branch 
999 |a 0000003539   |b Monograph   |c Open Shelf   |e Default branch